| 000 | 01918cam a2200385 i 4500 | ||
|---|---|---|---|
| 001 | sjds1510360094 | ||
| 003 | sjds | ||
| 005 | 20251118033912.0 | ||
| 008 | 250320s2025 mtu e 000 1 eng d | ||
| 020 |
_a9781734430394 _q(paperback) |
||
| 020 |
_a1734430397 _q(paperback) |
||
| 035 | _a(OCoLC)1510360094 | ||
| 035 | _a(OCoLC)2674190 | ||
| 040 |
_aOMN _beng _erda _cOMN _dOCLCO _dIG# |
||
| 041 | _aeng | ||
| 082 | 0 | 4 |
_a813/.6 _223 |
| 099 | _aFIC ESSEN M | ||
| 100 | 1 |
_aEssen, Marty, _eauthor. |
|
| 245 | 1 | 4 |
_aThe silver squad : _brebels with wrinkles / _cMarty Essen. |
| 260 |
_aVictor, MT : _bEncante Press, _cc2025. |
||
| 264 | 1 |
_aVictor, MT : _bEncante Press, _c2025. |
|
| 264 | 4 | _cc2025. | |
| 300 |
_a266 pages ; _c22 cm. |
||
| 336 |
_atext _btxt _2rdacontent. |
||
| 337 |
_aunmediated _bn _2rdamedia. |
||
| 338 |
_avolume _bnc _2rdacarrier. |
||
| 520 |
_a"Barry and Beth, high school sweethearts separated by time and circumstance, find themselves reunited at the Blue Lagoon Village senior living center in Minneapolis. Now both seventy, they rekindle their relationship only to discover how differently time has shaped them. Beth has blossomed into a free spirit with a goth flair, while Barry has transformed into the curmudgeon he swore in his youth he'd never become. Determined to prove you're never too old to make a difference, they set off on a daring road trip across America as Silver Squad vigilantes. Along the way, they pick up a woman on the run from her abusive husband, confront a mass shooter with only a can of SPAM for defense, and become accidental celebrities along the way."-- _cAmazon.com. |
||
| 650 | 0 |
_aLove in old age _vFiction. |
|
| 650 | 0 |
_aMan-woman relationships _vFiction. |
|
| 650 | 0 |
_aVigilantism _vFiction. |
|
| 650 | 0 |
_aOlder people _xTravel _vFiction. |
|
| 650 | 0 |
_aAutomobile travel _zUnited States _vFiction. |
|
| 655 | 7 |
_aHumorous fiction. _2lcgft. |
|
| 942 | _cBK | ||
| 999 |
_c31168 _d31166 |
||